Statistics for Evropské poznávací značky vozidel

Click here to take the quiz!

General Stats

  • This quiz has been taken 72 times
  • The average score is 33 of 45

Answer Stats

MPZZemě% Correct
IRLIrsko
97%
CZČesko
95%
FINFinsko
95%
PLPolsko
95%
SLOSlovinsko
95%
SRBSrbsko
93%
DKDánsko
92%
ARakousko
92%
SKSlovensko
90%
ESTEstonsko
86%
IItálie
86%
UKSpojené království
86%
UAUkrajina
86%
LTLitva
85%
NLNizozemsko
85%
FFrancie
83%
HMaďarsko
83%
ANDAndorra
81%
ISIsland
81%
BBelgie
80%
BGBulharsko
80%
DNěmecko
80%
RORumunsko
80%
LVLotyšsko
78%
PPortugalsko
78%
ALAlbánie
75%
CYKypr
73%
NNorsko
73%
HRChorvatsko
71%
GRŘecko
71%
MDMoldavsko
66%
SŠvédsko
66%
BYBělorusko
64%
BIHBosna a Hercegovina
64%
CHŠvýcarsko
64%
LLucembursko
63%
SCV
V
Vatikán
61%
MCMonako
59%
EŠpanělsko
59%
MMalta
56%
NMKSeverní Makedonie
53%
MNEČerná Hora
44%
RSMSan Marino
42%
RKSKosovo
32%
FLLichtenštejnsko
31%

Score Distribution

Percentile by Number Answered

Percent of People with Each Score

Your Score History

You have not taken this quiz